[Event "11th 4NCL Congress Open"]
[Site "Harben House"]
[Date "2016.11.06"]
[Round "5.4"]
[White "Jackson, James P"]
[Black "Jones, Steven A"]
[Result "1/2-1/2"]
[BlackElo "2215"]
[WhiteElo "2311"]
[LiveChessVersion "1.4.8"]

1. e4 c5 2. d4 cxd4 3. c3 d5 4. exd5 Qxd5 5. cxd4 Nc6 6. Nf3 e5 7. Nc3 Bb4 8. Bd2
Bxc3 9. Bxc3 e4 10. Ne5 Nxe5 11. dxe5 Ne7 12. Qe2 O-O 13. Rd1 {[%clk 1:23:31]}
Qc6 {[%clk 1:28:31]} 14. Bb4 {[%clk 1:23:31]} Re8 {[%clk 1:28:31]} 15. Bxe7
{[%clk 1:23:31]} Rxe7 {[%clk 1:28:31]} 16. Rd8+ {[%clk 1:23:31]} Re8
{[%clk 1:28:31]} 17. Rxe8+ {[%clk 1:23:31]} Qxe8 18. Qxe4 Be6 {[%clk 1:28:31]}
19. Be2 {[%clk 1:21:53]} Rd8 {[%clk 1:26:07]} 20. O-O {[%clk 1:21:40]} Bxa2
{[%clk 1:20:16]} 21. Qxb7 {[%clk 0:47:24]} Qxe5 {[%clk 1:19:22]} 22. Qxa7
{[%clk 0:45:39]} Qxb2 {[%clk 1:19:33]} 1/2-1/2

[Event "11th 4NCL Congress Open"]
[Site "Harben House"]
[Date "2016.11.06"]
[Round "5.5"]
[White "Greet, Andrew N"]
[Black "Roberson, Peter T"]
[Result "0-1"]
[BlackElo "2388"]
[WhiteElo "2464"]
[LiveChessVersion "1.4.8"]

1. d4 Nf6 2. c4 e6 3. Nc3 Bb4 4. e3 b6 5. Nge2 Ne4 6. Bd2 Nxd2 7. Qxd2
{[%clk 1:31:58]} O-O {[%clk 1:20:39]} 8. a3 {[%clk 1:31:51]} Be7 9. Nf4 Nc6
{[%clk 1:11:11]} 10. Be2 {[%clk 1:26:12]} e5 {[%clk 1:09:31]} 11. dxe5
{[%clk 1:23:56]} Nxe5 {[%clk 1:08:20]} 12. Qd5 {[%clk 1:22:41]} Nc6
{[%clk 1:08:44]} 13. O-O-O {[%clk 1:17:53]} Bb7 {[%clk 0:40:12]} 14. Qxd7
{[%clk 1:14:26]} Qxd7 {[%clk 0:39:21]} 15. Rxd7 {[%clk 1:13:20]} Bd6
{[%clk 0:39:49]} 16. Nb5 {[%clk 1:06:43]} Bc8 {[%clk 0:36:40]} 17. Rxd6
{[%clk 1:06:58]} cxd6 {[%clk 0:37:04]} 18. Bf3 {[%clk 1:05:12]} Bd7
{[%clk 0:37:04]} 19. Rd1 {[%clk 1:03:59]} Rfd8 {[%clk 0:31:55]} 20. Rxd6
{[%clk 0:55:06]} Rac8 {[%clk 0:32:23]} 21. Bxc6 {[%clk 0:51:21]} Rxc6
{[%clk 0:31:01]} 22. Rxc6 Bxc6 {[%clk 0:31:30]} 23. Nxa7 {[%clk 0:51:45]} Ba4
{[%clk 0:31:33]} 24. Nd5 {[%clk 0:51:55]} Bb3 {[%clk 0:15:30]} 25. Nc6
{[%clk 0:50:54]} Rd6 {[%clk 0:13:54]} 26. Nce7+ {[%clk 0:45:30]} Kf8
{[%clk 0:14:22]} 27. Nc8 {[%clk 0:45:51]} Rh6 {[%clk 0:11:15]} 28. h3
{[%clk 0:42:53]} Bxc4 {[%clk 0:07:24]} 29. Ncxb6 {[%clk 0:42:32]} Bf1
{[%clk 0:07:51]} 30. g3 {[%clk 0:39:10]} Rxh3 {[%clk 0:08:03]} 31. b4
{[%clk 0:36:20]} Rh2 {[%clk 0:07:40]} 32. Nd7+ {[%clk 0:36:05]} Ke8
{[%clk 0:08:04]} 33. Nc5 {[%clk 0:36:27]} Rxf2 {[%clk 0:07:49]} 34. a4
{[%clk 0:35:56]} Bc4 {[%clk 0:04:46]} 35. Nb6 {[%clk 0:34:56]} Be6
{[%clk 0:05:10]} 36. a5 {[%clk 0:30:27]} Kd8 {[%clk 0:04:48]} 37. b5
{[%clk 0:28:23]} Kc7 {[%clk 0:04:34]} 38. Nba4 {[%clk 0:26:49]} Ra2
{[%clk 0:00:55]} 39. a6 {[%clk 0:21:43]} Kb8 {[%clk 0:00:58]} 40. b6
{[%clk 0:17:12]} h5 {[%clk 0:01:26]} 41. Nc3 {[%clk 0:11:29]} Ra5
{[%clk 0:01:55]} 42. N3a4 {[%clk 0:11:02]} g5 {[%clk 0:01:42]} 43. Kd2
{[%clk 0:11:14]} h4 {[%clk 0:01:16]} 44. gxh4 {[%clk 0:11:40]} gxh4
{[%clk 0:01:45]} 45. Ke2 {[%clk 0:11:56]} Bc4+ {[%clk 0:01:36]} 46. Kf3
{[%clk 0:11:51]} Bb5 {[%clk 0:00:39]} 47. a7+ Ka8 48. b7+ {[%clk 0:09:24]} Kxa7
{[%clk 0:01:34]} 49. Nb6 {[%clk 0:09:48]} Bc6+ {[%clk 0:01:37]} 0-1

[Event "11th 4NCL Congress Open"]
[Site "Harben House"]
[Date "2016.11.06"]
[Round "5.6"]
[White "Cobb, James E"]
[Black "Hill, Alistair"]
[Result "1/2-1/2"]
[BlackElo "2249"]
[WhiteElo "2434"]
[LiveChessVersion "1.4.8"]

1. d4 Nf6 2. c4 g6 3. g3 c5 4. Nf3 Bg7 5. Bg2 O-O 6. O-O Nc6 {[%clk 1:26:56]} 7.
Nc3 {[%clk 1:27:32]} cxd4 8. Nxd4 {[%clk 1:27:53]} d6 {[%clk 1:27:22]} 9. Nc2 Nd7
{[%clk 1:17:58]} 10. Bd2 {[%clk 1:21:25]} Nde5 {[%clk 1:18:23]} 11. b3
{[%clk 1:21:00]} f5 {[%clk 1:10:38]} 12. Rc1 {[%clk 1:16:45]} Be6
{[%clk 1:09:11]} 13. h3 {[%clk 1:05:02]} Rc8 {[%clk 1:04:13]} 14. Nd5
{[%clk 1:04:05]} Nd7 {[%clk 0:59:01]} 15. Be3 {[%clk 0:47:21]} Nf6
{[%clk 0:45:35]} 16. Nxf6+ {[%clk 0:41:06]} Bxf6 {[%clk 0:46:00]} 17. Qd2
{[%clk 0:40:50]} a6 {[%clk 0:37:13]} 18. Rfd1 {[%clk 0:37:56]} Qa5
{[%clk 0:36:38]} 19. Qxa5 {[%clk 0:33:13]} Nxa5 {[%clk 0:37:05]} 20. Nb4
{[%clk 0:31:15]} Nc6 {[%clk 0:35:21]} 21. Nd5 {[%clk 0:31:39]} Kg7
{[%clk 0:29:27]} 22. Nxf6 {[%clk 0:25:10]} Kxf6 {[%clk 0:29:32]} 23. Bb6
{[%clk 0:24:37]} g5 {[%clk 0:23:30]} 24. c5 {[%clk 0:21:45]} dxc5
{[%clk 0:20:24]} 25. Rxc5 {[%clk 0:21:51]} Nb4 {[%clk 0:19:41]} 26. a3
{[%clk 0:18:16]} Rxc5 {[%clk 0:19:50]} 27. Bxc5 {[%clk 0:18:40]} Nc6
{[%clk 0:19:47]} 28. b4 {[%clk 0:18:48]} Rd8 {[%clk 0:19:35]} 29. Rxd8 Nxd8
{[%clk 0:18:28]} 30. a4 {[%clk 0:09:49]} Bc8 {[%clk 0:17:59]} 31. f4
{[%clk 0:07:46]} gxf4 {[%clk 0:15:36]} 32. gxf4 {[%clk 0:08:11]} e5
{[%clk 0:15:56]} 33. fxe5+ {[%clk 0:07:04]} Kxe5 {[%clk 0:16:19]} 34. Kf2
{[%clk 0:07:26]} Ne6 {[%clk 0:16:38]} 35. Bb6 {[%clk 0:07:47]} Nd4
{[%clk 0:10:45]} 36. Bc7+ {[%clk 0:08:09]} Kf6 {[%clk 0:10:37]} 37. Bb6
{[%clk 0:06:31]} Ke5 {[%clk 0:10:24]} 38. Bc7+ {[%clk 0:05:39]} 1/2-1/2

[Event "11th 4NCL Congress Open"]
[Site "Harben House"]
[Date "2016.11.06"]
[Round "5.7"]
[White "Tate, Alan"]
[Black "Golding, Alex"]
[Result "1/2-1/2"]
[BlackElo "2080"]
[WhiteElo "2376"]
[LiveChessVersion "1.4.8"]

1. Nf3 {[%clk 1:30:52]} Nf6 {[%clk 1:30:45]} 2. g3 {[%clk 1:31:07]} g6
{[%clk 1:30:50]} 3. b3 {[%clk 1:31:31]} Bg7 {[%clk 1:31:14]} 4. Bb2
{[%clk 1:31:59]} O-O {[%clk 1:31:34]} 5. Bg2 {[%clk 1:32:20]} c6 {[%clk 1:31:46]}
6. O-O {[%clk 1:31:50]} Qc7 {[%clk 1:31:24]} 7. c4 {[%clk 1:30:31]} d6
{[%clk 1:31:30]} 8. d4 {[%clk 1:30:12]} Nbd7 {[%clk 1:31:37]} 9. Nc3
{[%clk 1:29:20]} a5 {[%clk 1:30:22]} 10. Rc1 Re8 {[%clk 1:30:18]} 11. Re1
{[%clk 1:17:11]} e5 {[%clk 1:30:18]} 12. e3 {[%clk 1:17:11]} Nf8 {[%clk 1:27:50]}
13. c5 {[%clk 1:07:26]} exd4 {[%clk 1:26:39]} 14. cxd6 {[%clk 1:07:46]} Qxd6
{[%clk 1:27:01]} 15. Qxd4 {[%clk 1:08:05]} Qxd4 {[%clk 1:26:51]} 16. Nxd4
{[%clk 1:08:08]} Ne6 {[%clk 1:26:30]} 17. Na4 {[%clk 1:05:44]} Nxd4
{[%clk 1:26:01]} 18. Bxd4 {[%clk 1:03:18]} Bf5 {[%clk 1:24:46]} 19. Nb6
{[%clk 0:55:48]} Rad8 {[%clk 1:24:59]} 20. Nc4 {[%clk 0:55:31]} a4
{[%clk 1:21:17]} 21. bxa4 {[%clk 0:55:55]} Be6 {[%clk 1:21:32]} 22. Na5
{[%clk 0:48:18]} Rd7 {[%clk 1:21:07]} 23. Rb1 {[%clk 0:45:58]} Bxa2
{[%clk 1:21:07]} 24. Rb2 {[%clk 0:32:55]} Rxd4 {[%clk 1:20:42]} 25. Rxa2
{[%clk 0:33:20]} Rb4 {[%clk 1:20:56]} 26. Nxb7 {[%clk 0:33:10]} Ne4
{[%clk 1:18:43]} 27. Bxe4 {[%clk 0:28:42]} Rexe4 {[%clk 1:19:04]} 28. Nd8
{[%clk 0:23:49]} c5 {[%clk 1:17:46]} 29. a5 Ra4 {[%clk 1:17:53]} 30. Ree2
{[%clk 0:20:34]} Reb4 {[%clk 1:18:03]} 31. Nc6 {[%clk 0:19:39]} Rb1+
{[%clk 1:18:12]} 32. Kg2 {[%clk 0:20:06]} Ra1 {[%clk 1:18:35]} 33. Rxa1
{[%clk 0:18:54]} Bxa1 {[%clk 1:17:50]} 34. Rc2 {[%clk 0:14:13]} c4
{[%clk 1:18:13]} 35. Kf3 {[%clk 0:14:18]} c3 {[%clk 1:17:29]} 36. Ke2
{[%clk 0:13:34]} Kf8 {[%clk 1:17:43]} 37. Kd3 {[%clk 0:12:42]} Ke8
{[%clk 1:17:57]} 38. f4 {[%clk 0:09:46]} f6 {[%clk 1:17:11]} 39. e4
{[%clk 0:09:31]} Kd7 {[%clk 1:17:01]} 40. Nd4 {[%clk 0:09:58]} Rxa5
{[%clk 1:14:26]} 41. Nb3 {[%clk 0:09:46]} Ra8 {[%clk 1:14:40]} 42. Nxa1
{[%clk 0:06:50]} Rxa1 {[%clk 1:15:05]} 43. Kxc3 {[%clk 0:06:13]} h5
{[%clk 1:14:37]} 44. Rb2 {[%clk 0:05:00]} Ra3+ {[%clk 1:11:59]} 45. Kd4
{[%clk 0:03:25]} Ra4+ {[%clk 1:12:22]} 46. Kd5 {[%clk 0:03:20]} Ra5+
{[%clk 1:12:46]} 47. Kd4 {[%clk 0:03:21]} Ra4+ {[%clk 1:13:11]} 48. Kd5
{[%clk 0:03:48]} Ra5+ {[%clk 1:13:36]} 49. Kc4 {[%clk 0:04:07]} Ra4+
{[%clk 1:13:42]} 50. Rb4 {[%clk 0:04:15]} Ra2 {[%clk 1:13:58]} 51. Rb6
{[%clk 0:02:16]} Ke7 {[%clk 1:14:12]} 52. h4 {[%clk 0:01:39]} Rc2+
{[%clk 1:14:29]} 53. Kd4 {[%clk 0:01:51]} Rg2 {[%clk 1:14:22]} 54. Rb7+
{[%clk 0:01:14]} Ke6 {[%clk 1:14:36]} 55. Rb6+ {[%clk 0:01:20]} Ke7
{[%clk 1:14:59]} 56. Rb7+ {[%clk 0:01:43]} Ke6 {[%clk 1:15:22]} 57. Rb6+
{[%clk 0:02:07]} Ke7 {[%clk 1:15:45]} 58. Rb3 {[%clk 0:02:34]} Ke6
{[%clk 1:15:50]} 59. Ra3 {[%clk 0:02:57]} Rg1 {[%clk 1:16:05]} 60. Ra6+
{[%clk 0:02:46]} Ke7 {[%clk 1:16:29]} 61. Ra7+ {[%clk 0:03:14]} Ke6
{[%clk 1:16:53]} 62. Ra6+ {[%clk 0:03:36]} Ke7 {[%clk 1:17:18]} 63. Ra3
{[%clk 0:03:56]} Ke6 {[%clk 1:17:43]} 64. Rf3 {[%clk 0:04:15]} Rd1+
{[%clk 1:17:41]} 65. Ke3 {[%clk 0:04:27]} Re1+ {[%clk 1:17:45]} 66. Kd3
{[%clk 0:04:47]} Rg1 {[%clk 1:17:59]} 67. Re3 {[%clk 0:04:17]} Rg2
{[%clk 1:18:13]} 68. e5 {[%clk 0:03:23]} Rg1 {[%clk 1:18:22]} 69. Ke4
{[%clk 0:03:25]} Ra1 {[%clk 1:18:33]} 70. Kf3 {[%clk 0:02:47]} Rf1+
{[%clk 1:18:55]} 71. Kg2 {[%clk 0:02:40]} Ra1 {[%clk 1:19:17]} 72. exf6+
{[%clk 0:02:44]} Kxf6 {[%clk 1:19:40]} 73. Re5 {[%clk 0:02:51]} Ra2+
{[%clk 1:19:59]} 74. Kh3 {[%clk 0:03:16]} Rf2 {[%clk 1:20:24]} 75. Rg5
{[%clk 0:03:12]} Kf7 {[%clk 1:19:42]} 76. Ra5 {[%clk 0:01:25]} 1/2-1/2

[Event "11th 4NCL Congress Open"]
[Site "Harben House"]
[Date "2016.11.06"]
[Round "5.8"]
[White "Sowray, Peter J"]
[Black "Gibson, Christopher A"]
[Result "1-0"]
[BlackElo "1950"]
[WhiteElo "2310"]
[LiveChessVersion "1.4.8"]

1. d4 Nf6 2. c4 g6 3. Nc3 Bg7 4. e4 d6 5. f3 {[%clk 1:31:24]} O-O
{[%clk 1:25:20]} 6. Be3 {[%clk 1:31:24]} c5 {[%clk 1:25:20]} 7. Nge2
{[%clk 1:31:24]} Nc6 {[%clk 1:25:20]} 8. d5 {[%clk 1:31:24]} Ne5 {[%clk 1:25:20]}
9. Ng3 {[%clk 1:31:24]} h5 {[%clk 1:25:20]} 10. Be2 {[%clk 1:31:24]} e6
{[%clk 1:25:20]} 11. O-O a6 {[%clk 1:25:20]} 12. a4 {[%clk 1:31:24]} exd5 13.
cxd5 {[%clk 1:31:45]} Rb8 14. h3 Re8 {[%clk 1:12:41]} 15. f4 {[%clk 1:25:00]}
Ned7 {[%clk 1:12:41]} 16. e5 {[%clk 1:25:06]} dxe5 {[%clk 1:11:16]} 17. f5
{[%clk 1:25:25]} b6 {[%clk 1:03:27]} 18. d6 {[%clk 1:17:58]} Bb7 {[%clk 1:02:16]}
19. Bc4 {[%clk 1:16:56]} Nf8 {[%clk 0:55:26]} 20. fxg6 {[%clk 1:14:04]} Nxg6
{[%clk 0:55:42]} 21. Nxh5 {[%clk 1:13:41]} Rf8 {[%clk 0:52:11]} 22. Bg5
{[%clk 1:08:18]} Nf4 {[%clk 0:49:19]} 23. Nxf4 {[%clk 1:08:31]} exf4
{[%clk 0:49:40]} 24. Rxf4 {[%clk 1:08:46]} Qe8 {[%clk 0:47:20]} 25. Qf1
{[%clk 0:54:44]} Qe3+ {[%clk 0:32:41]} 26. Qf2 {[%clk 0:54:49]} Qxf2+
{[%clk 0:32:34]} 27. Kxf2 {[%clk 0:54:52]} Nd7 {[%clk 0:29:50]} 28. Be7
{[%clk 0:51:55]} Bd4+ {[%clk 0:29:33]} 29. Kf1 {[%clk 0:49:11]} Ne5
{[%clk 0:29:31]} 30. Bb3 {[%clk 0:47:21]} Nd3 {[%clk 0:23:47]} 31. Rg4+
{[%clk 0:45:57]} Kh8 {[%clk 0:23:53]} 32. Rd1 {[%clk 0:38:49]} Nxb2
{[%clk 0:20:43]} 33. Rdxd4 {[%clk 0:38:43]} cxd4 {[%clk 0:21:07]} 34. Rxd4
{[%clk 0:38:58]} b5 {[%clk 0:18:50]} 35. Bf6+ {[%clk 0:38:27]} Kh7
{[%clk 0:18:22]} 36. Bc2+ {[%clk 0:38:35]} Kh6 {[%clk 0:18:50]} 37. Rh4#
{[%clk 0:38:56]} 1-0

[Event "11th 4NCL Congress Open"]
[Site "Harben House"]
[Date "2016.11.06"]
[Round "5.9"]
[White "Jayawarna, Nugith"]
[Black "Roe, Simon J"]
[Result "1/2-1/2"]
[BlackElo "2210"]
[WhiteElo "2057"]
[LiveChessVersion "1.4.8"]

1. c4 e6 2. Nc3 d5 3. d4 c5 4. cxd5 exd5 5. Nf3 Nc6 6. g3 c4 7. Bg2 Bb4 8. O-O
Nge7 9. Bd2 O-O 10. Na4 Bd6 {[%clk 1:29:15]} 11. b3 {[%clk 1:09:20]} cxb3
{[%clk 1:22:17]} 12. axb3 {[%clk 1:07:46]} Bf5 {[%clk 1:20:43]} 13. Bc3
{[%clk 1:02:49]} Rc8 {[%clk 1:15:57]} 14. Bb2 {[%clk 0:59:19]} b6
{[%clk 1:13:28]} 15. Nc3 {[%clk 0:56:02]} a5 {[%clk 1:07:19]} 16. Rc1
{[%clk 0:48:08]} Bb4 {[%clk 1:00:28]} 17. h3 {[%clk 0:44:34]} Re8
{[%clk 0:59:33]} 18. Nh4 {[%clk 0:40:31]} Be6 {[%clk 0:59:09]} 19. e3
{[%clk 0:36:04]} Bxc3 {[%clk 0:55:37]} 20. Rxc3 {[%clk 0:35:01]} Qd7
{[%clk 0:56:00]} 21. Kh2 {[%clk 0:34:28]} Nb4 {[%clk 0:55:32]} 22. Qd2
{[%clk 0:31:47]} Nec6 {[%clk 0:52:03]} 23. Ba3 {[%clk 0:30:09]} Rc7
{[%clk 0:41:01]} 24. Rfc1 {[%clk 0:28:36]} Rec8 {[%clk 0:41:25]} 25. Nf3
{[%clk 0:28:06]} Qd6 {[%clk 0:38:11]} 26. Bf1 {[%clk 0:21:17]} Bf5
{[%clk 0:34:36]} 27. Nh4 {[%clk 0:15:45]} Bd7 {[%clk 0:32:41]} 28. Nf3
{[%clk 0:11:44]} 1/2-1/2

[Event "11th 4NCL Congress Open"]
[Site "Harben House"]
[Date "2016.11.06"]
[Round "5.10"]
[White "Mitra, Roman C"]
[Black "Kalavannan, Koby"]
[Result "1/2-1/2"]
[BlackElo "2131"]
[WhiteElo "2043"]
[LiveChessVersion "1.4.8"]

1. b3 {[%clk 1:30:48]} d5 {[%clk 1:30:01]} 2. Bb2 {[%clk 1:31:10]} c5
{[%clk 1:30:06]} 3. e3 {[%clk 1:31:34]} Nf6 {[%clk 1:30:16]} 4. Bb5+
{[%clk 1:31:13]} Bd7 5. Bxd7+ {[%clk 1:31:36]} Qxd7 {[%clk 1:30:00]} 6. f4
{[%clk 1:31:58]} Nc6 {[%clk 1:30:02]} 7. d3 {[%clk 1:32:11]} Ng4 {[%clk 1:29:04]}
8. Qe2 {[%clk 1:31:39]} d4 {[%clk 1:25:50]} 9. e4 {[%clk 1:31:50]} e5
{[%clk 1:26:04]} 10. f5 {[%clk 1:28:10]} h5 11. Bc1 Be7 {[%clk 1:24:54]} 12. Nf3
{[%clk 1:17:18]} g6 {[%clk 1:17:35]} 13. fxg6 {[%clk 1:17:30]} fxg6
{[%clk 1:17:58]} 14. h3 {[%clk 1:17:48]} Nf6 {[%clk 1:16:53]} 15. Nbd2
{[%clk 1:17:42]} h4 {[%clk 1:15:04]} 16. Rg1 {[%clk 1:09:04]} Nh5
{[%clk 1:13:41]} 17. Nh2 {[%clk 1:03:20]} O-O-O {[%clk 1:03:08]} 18. Qg4
{[%clk 1:02:00]} Nb4 {[%clk 0:57:25]} 19. Kd1 {[%clk 1:02:22]} Rhg8
{[%clk 0:54:34]} 20. Ndf3 {[%clk 1:02:24]} Nc6 {[%clk 0:54:37]} 21. Bg5
{[%clk 0:57:01]} 1/2-1/2

[Event "11th 4NCL Congress Open"]
[Site "Harben House"]
[Date "2016.11.06"]
[Round "5.11"]
[White "Cumming, Rhys"]
[Black "Lewis, Andrew P"]
[Result "1/2-1/2"]
[BlackElo "2301"]
[WhiteElo "2154"]
[LiveChessVersion "1.4.8"]

1. e4 c5 2. Nf3 Nc6 3. d4 cxd4 4. Nxd4 Nf6 5. Nc3 d6 6. Bg5 e6 7. Qd2 a6 8. O-O-O
Bd7 9. f4 h6 10. Bh4 g5 11. fxg5 Ng4 12. Be2 {[%clk 1:04:54]} Nge5
{[%clk 1:31:38]} 13. Kb1 {[%clk 0:58:25]} Be7 {[%clk 1:24:31]} 14. Nxc6
{[%clk 0:52:44]} Bxc6 {[%clk 1:23:51]} 15. Bg3 {[%clk 0:51:25]} hxg5
{[%clk 1:23:07]} 16. Qd4 {[%clk 0:47:12]} Qc7 {[%clk 1:20:52]} 17. Rhf1
{[%clk 0:45:59]} Rh7 {[%clk 1:17:11]} 18. h3 {[%clk 0:42:28]} b5 {[%clk 1:13:36]}
19. Qf2 {[%clk 0:33:42]} Qa7 {[%clk 1:07:07]} 20. Rd4 {[%clk 0:30:03]} Qc5
{[%clk 0:58:43]} 21. Nd1 {[%clk 0:22:47]} a5 {[%clk 0:50:31]} 22. c3
{[%clk 0:16:54]} b4 {[%clk 0:37:21]} 23. Bxe5 {[%clk 0:13:39]} Qxe5
{[%clk 0:28:33]} 24. Bh5 {[%clk 0:13:26]} Kd7 {[%clk 0:26:41]} 25. Ne3
{[%clk 0:09:58]} bxc3 {[%clk 0:14:57]} 26. Nc4 {[%clk 0:10:23]} Qb5
{[%clk 0:13:31]} 27. Rfd1 {[%clk 0:07:35]} Kc7 {[%clk 0:07:59]} 28. b3
{[%clk 0:05:15]} a4 {[%clk 0:07:14]} 29. Na3 {[%clk 0:05:39]} Qc5
{[%clk 0:06:18]} 30. b4 {[%clk 0:06:04]} Rb8 {[%clk 0:04:21]} 31. Nc2
{[%clk 0:06:17]} Bxe4 {[%clk 0:03:29]} 32. Ka1 {[%clk 0:04:12]} Qb6
{[%clk 0:02:11]} 33. Bf3 {[%clk 0:03:02]} Bxf3 {[%clk 0:02:10]} 34. Qxf3
{[%clk 0:03:27]} d5 {[%clk 0:02:02]} 35. Qxc3+ {[%clk 0:01:51]} Qc6
{[%clk 0:01:43]} 36. Qg3+ {[%clk 0:01:43]} Bd6 {[%clk 0:01:25]} 37. Qxg5
{[%clk 0:02:09]} Qc3+ {[%clk 0:01:08]} 38. Kb1 {[%clk 0:02:38]} a3
{[%clk 0:01:37]} 39. Qc1 {[%clk 0:02:45]} Be5 {[%clk 0:01:38]} 40. R4d3
{[%clk 0:00:38]} Qb2+ {[%clk 0:01:07]} 41. Qxb2 {[%clk 0:01:07]} axb2
{[%clk 0:01:35]} 42. a3 {[%clk 0:00:51]} Rh4 {[%clk 0:01:34]} 43. Nd4
{[%clk 0:00:49]} Rg8 {[%clk 0:00:35]} 44. Nf3 {[%clk 0:00:52]} Re4
{[%clk 0:01:03]} 45. Nxe5 {[%clk 0:01:12]} Rxe5 {[%clk 0:01:32]} 46. R1d2
{[%clk 0:01:16]} f5 {[%clk 0:00:57]} 47. Kxb2 {[%clk 0:01:29]} 1/2-1/2

[Event "11th 4NCL Congress Open"]
[Site "Harben House"]
[Date "2016.11.06"]
[Round "5.12"]
[White "Okhai, Shabir"]
[Black "Player, Edmund C"]
[Result "0-1"]
[BlackElo "2227"]
[WhiteElo "2072"]
[LiveChessVersion "1.4.8"]

1. e4 e6 2. d4 d5 3. Nd2 Be7 4. Ngf3 Nf6 5. e5 Nfd7 6. Bd3 c5 7. c3 a5 8. O-O Nc6
9. a4 {[%clk 1:30:07]} b6 10. Bb5 {[%clk 1:22:41]} Ndb8 {[%clk 1:25:21]} 11. Nb1
O-O {[%clk 1:15:39]} 12. Na3 {[%clk 1:19:32]} cxd4 {[%clk 1:02:24]} 13. cxd4
{[%clk 1:15:15]} f6 {[%clk 0:57:37]} 14. exf6 {[%clk 1:10:39]} Bxf6
{[%clk 0:57:05]} 15. Re1 {[%clk 1:09:16]} Ra7 {[%clk 0:44:24]} 16. Bf4
{[%clk 1:01:07]} g5 {[%clk 0:37:24]} 17. Bg3 {[%clk 0:52:43]} Rg7
{[%clk 0:32:51]} 18. Rc1 {[%clk 0:48:30]} Bd7 {[%clk 0:31:34]} 19. Bd3
{[%clk 0:33:06]} g4 {[%clk 0:24:58]} 20. Ne5 {[%clk 0:31:17]} Nxe5
{[%clk 0:24:17]} 21. Bxe5 {[%clk 0:30:51]} Bxe5 {[%clk 0:23:22]} 22. dxe5
{[%clk 0:27:31]} Nc6 {[%clk 0:21:27]} 23. Bb5 {[%clk 0:23:24]} Nb4
{[%clk 0:13:31]} 24. Rc3 {[%clk 0:23:04]} Qg5 {[%clk 0:03:23]} 25. Qd4
{[%clk 0:21:35]} Qf4 {[%clk 0:03:06]} 26. Qxf4 {[%clk 0:14:28]} Rxf4
{[%clk 0:03:35]} 27. Bxd7 {[%clk 0:14:28]} Rxd7 {[%clk 0:04:03]} 28. Rc8+
{[%clk 0:14:48]} Kg7 {[%clk 0:02:23]} 29. g3 {[%clk 0:13:45]} Rf8
{[%clk 0:00:33]} 30. Rec1 {[%clk 0:13:34]} Rxc8 {[%clk 0:00:39]} 31. Rxc8
{[%clk 0:14:03]} d4 {[%clk 0:00:40]} 32. Kf1 {[%clk 0:12:30]} d3 {[%clk 0:01:09]}
33. Ke1 {[%clk 0:12:54]} d2+ {[%clk 0:01:15]} 34. Kd1 {[%clk 0:13:24]} Nd3
{[%clk 0:01:32]} 35. Kxd2 {[%clk 0:13:52]} Nxb2+ {[%clk 0:01:50]} 36. Ke2
{[%clk 0:13:41]} Rd5 {[%clk 0:01:42]} 37. Nc4 {[%clk 0:13:04]} Nxa4
{[%clk 0:01:09]} 38. Rc7+ {[%clk 0:11:27]} Kg6 {[%clk 0:01:02]} 39. Re7
{[%clk 0:11:32]} Nc5 {[%clk 0:00:35]} 40. Ke3 {[%clk 0:08:08]} b5
{[%clk 0:00:40]} 41. Nxa5 {[%clk 0:08:36]} Rxe5+ {[%clk 0:01:04]} 42. Kf4
{[%clk 0:08:58]} Re4# {[%clk 0:01:29]} 0-1

[Event "11th 4NCL Congress Open"]
[Site "Harben House"]
[Date "2016.11.06"]
[Round "5.13"]
[White "Burrows, Martin P"]
[Black "Willow, Jonah B"]
[Result "1-0"]
[BlackElo "1995"]
[WhiteElo "2119"]
[LiveChessVersion "1.4.8"]

1. e4 c5 2. Nf3 e6 3. d3 d5 4. Qe2 Nc6 5. g3 dxe4 6. dxe4 e5 7. c3 g6
{[%clk 1:23:16]} 8. Bg2 {[%clk 1:27:12]} Bg7 {[%clk 1:23:04]} 9. O-O
{[%clk 1:26:50]} Nge7 {[%clk 1:22:24]} 10. Be3 {[%clk 1:26:11]} b6
{[%clk 1:21:53]} 11. Rd1 Qc7 {[%clk 1:17:30]} 12. Na3 {[%clk 1:25:24]} O-O
{[%clk 1:10:27]} 13. Nb5 {[%clk 1:22:23]} Qb8 {[%clk 1:10:25]} 14. a4
{[%clk 1:10:54]} a6 {[%clk 1:06:46]} 15. Na3 {[%clk 1:10:37]} Qc7
{[%clk 1:05:47]} 16. Nc4 {[%clk 1:05:00]} Rb8 {[%clk 1:03:14]} 17. Rac1
{[%clk 0:56:38]} Bg4 {[%clk 0:44:22]} 18. h3 {[%clk 0:54:52]} Bxf3
{[%clk 0:42:28]} 19. Bxf3 {[%clk 0:55:11]} Rfd8 {[%clk 0:39:48]} 20. Na3
{[%clk 0:50:07]} Qb7 {[%clk 0:35:54]} 21. Qf1 {[%clk 0:50:03]} Na5
{[%clk 0:27:17]} 22. Rxd8+ {[%clk 0:44:31]} Rxd8 {[%clk 0:27:39]} 23. Rd1
{[%clk 0:44:45]} Rxd1 {[%clk 0:27:04]} 24. Qxd1 {[%clk 0:45:08]} Nac6
{[%clk 0:25:08]} 25. Be2 {[%clk 0:43:55]} Qc8 {[%clk 0:22:05]} 26. Kh2
{[%clk 0:42:48]} h6 {[%clk 0:20:28]} 27. Qd3 {[%clk 0:42:12]} Nb8
{[%clk 0:20:35]} 28. Qd6 {[%clk 0:40:10]} Nec6 {[%clk 0:19:12]} 29. Bc4
{[%clk 0:39:17]} g5 {[%clk 0:15:10]} 30. Bd5 {[%clk 0:33:39]} Qd8
{[%clk 0:13:39]} 31. Qxd8+ {[%clk 0:32:46]} Nxd8 {[%clk 0:14:08]} 32. a5 bxa5
{[%clk 0:12:38]} 33. Bxc5 {[%clk 0:32:59]} Bf8 {[%clk 0:13:00]} 34. Bb6
{[%clk 0:32:51]} Ndc6 {[%clk 0:12:22]} 35. Nc4 {[%clk 0:29:53]} a4
{[%clk 0:11:35]} 36. Bc7 {[%clk 0:28:34]} Bc5 {[%clk 0:09:54]} 37. Kg2
{[%clk 0:28:20]} Kf8 {[%clk 0:09:35]} 38. Nxe5 {[%clk 0:27:15]} Nxe5
{[%clk 0:09:12]} 39. Bxe5 {[%clk 0:27:28]} Nd7 {[%clk 0:09:18]} 40. Bd4
{[%clk 0:26:48]} Ke8 {[%clk 0:06:43]} 41. Kf3 {[%clk 0:23:58]} a3
{[%clk 0:06:39]} 42. bxa3 {[%clk 0:24:18]} Bxa3 {[%clk 0:07:08]} 43. Ke3
{[%clk 0:23:37]} Ke7 {[%clk 0:05:24]} 44. Kd3 {[%clk 0:23:26]} Kd6
{[%clk 0:04:54]} 45. c4 {[%clk 0:20:29]} Ne5+ {[%clk 0:04:25]} 46. Ke2
{[%clk 0:19:40]} Bc5 {[%clk 0:03:03]} 47. Bc3 {[%clk 0:19:18]} Ba3
{[%clk 0:01:26]} 48. f4 {[%clk 0:18:25]} gxf4 {[%clk 0:01:51]} 49. gxf4
{[%clk 0:18:50]} Ng6 {[%clk 0:02:06]} 50. Bd2 {[%clk 0:16:58]} Ke7
{[%clk 0:01:29]} 51. f5 {[%clk 0:15:54]} Ne5 {[%clk 0:01:42]} 52. Bxh6
{[%clk 0:15:48]} a5 {[%clk 0:02:05]} 53. Bd2 {[%clk 0:12:40]} a4 {[%clk 0:02:16]}
54. Bc3 {[%clk 0:12:51]} f6 {[%clk 0:01:52]} 55. Bxe5 {[%clk 0:11:09]} fxe5
{[%clk 0:02:21]} 56. Bc6 {[%clk 0:11:30]} Bc5 {[%clk 0:02:31]} 57. Bxa4
{[%clk 0:11:25]} Kf6 {[%clk 0:02:49]} 58. h4 {[%clk 0:05:46]} Bb4
{[%clk 0:02:47]} 59. Bd1 {[%clk 0:05:59]} Be7 {[%clk 0:02:39]} 60. Kd3
{[%clk 0:06:10]} Kf7 {[%clk 0:02:42]} 61. h5 {[%clk 0:06:29]} Bf8
{[%clk 0:03:00]} 62. Ba4 {[%clk 0:05:57]} Kf6 {[%clk 0:03:16]} 63. Be8
{[%clk 0:06:02]} Kg5 {[%clk 0:03:26]} 64. Bg6 {[%clk 0:05:18]} Be7
{[%clk 0:03:20]} 65. Kc3 {[%clk 0:05:30]} Bf8 {[%clk 0:02:16]} 66. Kb3
{[%clk 0:05:38]} Kf4 {[%clk 0:02:31]} 67. f6 {[%clk 0:05:28]} Kg5
{[%clk 0:02:58]} 68. f7 {[%clk 0:05:42]} Kf6 {[%clk 0:03:22]} 69. Ka4
{[%clk 0:05:55]} Ke6 {[%clk 0:03:23]} 70. Kb5 {[%clk 0:06:06]} Kd7
{[%clk 0:03:15]} 71. Kb6 {[%clk 0:05:59]} Bg7 {[%clk 0:03:13]} 72. c5
{[%clk 0:05:50]} Kc8 {[%clk 0:03:39]} 73. c6 {[%clk 0:05:06]} 1-0